[Event "Titled Tuesday intern op 03rd Sep Late"]
[Site "Chess.com INT"]
[Date "2024.09.03"]
[Round "1"]
[White "Al Blooshi, Hamad Essa"]
[Black "Garakov, Mikhael"]
[Result "0-1"]
[WhiteElo "1962"]
[BlackElo "2447"]
[PlyCount "64"]
[EventDate "2024.09.03"]
[EventType "swiss (blitz)"]
[EventRounds "11"]
[EventCountry "USA"]
[SourceTitle "EXT 2025"]
[Source "ChessBase"]
[SourceDate "2024.10.14"]
[SourceVersion "1"]
[SourceVersionDate "2024.10.14"]
[SourceQuality "1"]

1. e4 c5 2. Nc3 a6 3. g3 b5 4. Bg2 Bb7 5. Nge2 b4 6. Nb1 Nf6 7. d3 Nc6 8. 0-0 d6 9. Be3 Qc7 10. h3 g6 11. Nd2 Bg7 12. Nc4 0-0 13. f4 Nd7 14. g4 a5 15. f5 Ba6 16. Qc1 Nd4 17. Nxd4 cxd4 18. Bh6 Bxc4 19. Bxg7 Kxg7 20. dxc4 Qxc4 21. Qd2 Rac8 22. Rac1 Ne5 23. Rfd1 Qxa2 24. Qxd4 Rc4 25. Qd2 Qxb2 26. g5 f6 27. gxf6+ Rxf6 28. h4 b3 29. h5 Rxc2 30. Rxc2 Qxc2 31. Qe1 b2 32. hxg6 hxg6 0-1

[Event "Titled Tuesday intern op 27th Aug Early"]
[Site "Chess.com INT"]
[Date "2024.08.27"]
[Round "1"]
[White "Al Blooshi, Hamad Essa"]
[Black "Schmider, Niklas"]
[Result "0-1"]
[WhiteElo "2078"]
[BlackElo "2390"]
[PlyCount "40"]
[EventDate "2024.08.27"]
[EventType "swiss (blitz)"]
[EventRounds "11"]
[EventCountry "USA"]
[SourceTitle "EXT 2025"]
[Source "ChessBase"]
[SourceDate "2024.10.14"]
[SourceVersion "1"]
[SourceVersionDate "2024.10.14"]
[SourceQuality "1"]

1. d4 Nf6 2. c4 e6 3. Nc3 Bb4 4. Qc2 c5 5. dxc5 0-0 6. Nf3 Na6 7. a3 Bxc3+ 8. Qxc3 Nxc5 9. b4 Nce4 10. Qc2 d5 11. Bb2 b6 12. e3 Bb7 13. Bd3 Rc8 14. Qe2 dxc4 15. Bxc4 Nd5 16. Rc1 b5 17. Bxd5 Rxc1+ 18. Bxc1 Bxd5 19. Qxb5 Nc3 20. Qd3 Bxf3 0-1

[Event "Titled Tuesday intern op 27th Aug Early"]
[Site "Chess.com INT"]
[Date "2024.08.27"]
[Round "4"]
[White "Al Blooshi, Hamad Essa"]
[Black "Szyszylo, Rafal"]
[Result "1-0"]
[WhiteElo "2078"]
[BlackElo "2088"]
[PlyCount "89"]
[EventDate "2024.08.27"]
[EventType "swiss (blitz)"]
[EventRounds "11"]
[EventCountry "USA"]
[SourceTitle "EXT 2025"]
[Source "ChessBase"]
[SourceDate "2024.10.14"]
[SourceVersion "1"]
[SourceVersionDate "2024.10.14"]
[SourceQuality "1"]

1. d4 d6 2. c4 Nf6 3. Nc3 g6 4. e4 Bg7 5. Be2 0-0 6. Be3 Na6 7. g4 e5 8. d5 Nc5 9. Bf3 a5 10. g5 Nfd7 11. h4 f5 12. gxf6 Nxf6 13. Qd2 Ng4 14. Bxg4 Bxg4 15. Nge2 Bf3 16. Rh2 Nxe4 17. Nxe4 Bxe4 18. h5 c6 19. 0-0-0 cxd5 20. cxd5 Rc8+ 21. Nc3 b5 22. hxg6 hxg6 23. Bh6 Rf7 24. Bxg7 Rxg7 25. f3 Bf5 26. Qh6 Kf7 27. Kd2 b4 28. Ne4 Qb6 29. Ng5+ Kf6 30. Ne4+ Bxe4 31. fxe4 Qd4+ 32. Ke1 Qg1+ 33. Kd2 Qd4+ 34. Ke1 Qxe4+ 35. Re2 Qf4 36. Rf2 Rc2 37. Rxf4+ exf4 38. Qxf4+ Ke7 39. Qe4+ Kd7 40. Qxc2 Re7+ 41. Kf1 Rf7+ 42. Kg2 Rf5 43. Qxf5+ gxf5 44. Rf1 b3 45. axb3 1-0

[Event "Titled Tuesday intern op 27th Aug Early"]
[Site "Chess.com INT"]
[Date "2024.08.27"]
[Round "9"]
[White "Paquico Rodriguez, Ivan"]
[Black "Al Blooshi, Hamad Essa"]
[Result "0-1"]
[WhiteElo "2183"]
[BlackElo "2078"]
[PlyCount "152"]
[EventDate "2024.08.27"]
[EventType "swiss (blitz)"]
[EventRounds "11"]
[EventCountry "USA"]
[SourceTitle "EXT 2025"]
[Source "ChessBase"]
[SourceDate "2024.10.14"]
[SourceVersion "1"]
[SourceVersionDate "2024.10.14"]
[SourceQuality "1"]

1. d4 Nf6 2. c4 g6 3. f3 Bg7 4. e4 d6 5. Nc3 0-0 6. Be3 c5 7. Nge2 Nc6 8. d5 Ne5 9. Ng3 h5 10. Be2 h4 11. Nf1 e6 12. f4 Ned7 13. dxe6 fxe6 14. Qxd6 Qb6 15. Qxb6 axb6 16. Nd2 Nb8 17. e5 Nh7 18. Nde4 Nc6 19. 0-0 g5 20. g3 hxg3 21. hxg3 gxf4 22. gxf4 Nb4 23. Rad1 Nc2 24. Bf2 Rxf4 25. Nd6 Bd7 26. Bg3 Rxf1+ 27. Rxf1 Bc6 28. Bd3 Ne3 29. Rf7 Rf8 30. Rc7 Ng5 31. Kh2 Nf3+ 32. Kh3 Bxe5 33. Bxe5 Nxe5 34. Bh7+ Kh8 35. Be4 Bxe4 36. Ncxe4 Nf5 37. Ng5 Nxd6 38. Nxe6 Rf7 39. Kh4 Rxc7 40. Nxc7 Nexc4 41. Nd5 Nxb2 42. Nxb6 c4 43. Nd5 Nb5 44. Nb4 c3 45. Kg3 Nd4 46. a4 c2 47. Na2 Nd3 48. Kg2 c1Q 49. Nxc1 Nxc1 50. Kf2 Ncb3 51. Ke3 Nc6 52. Kd3 Nc5+ 53. Kc4 Nxa4 54. Kb5 Kg7 55. Kxa4 Kf7 56. Kb5 Ke7 57. Kb6 Nd8 58. Kc7 Ke8 59. Kb6 Kd7 60. Kb5 Kc7 61. Kc5 b6+ 62. Kb5 Kb7 63. Kc4 Kc6 64. Kb4 b5 65. Kb3 Kb6 66. Kc3 Kc5 67. Kb3 b4 68. Kb2 Kb5 69. Kc2 Kc4 70. Kb2 b3 71. Kb1 Kb4 72. Kb2 Nc6 73. Kb1 Kc3 74. Kc1 b2+ 75. Kb1 Ne5 76. Ka2 Kc2 0-1

[Event "Titled Tuesday intern op 27th Aug Late"]
[Site "Chess.com INT"]
[Date "2024.08.27"]
[Round "3"]
[White "Reyes Zavaleta, Fabian Ricardo"]
[Black "Al Blooshi, Hamad Essa"]
[Result "1-0"]
[WhiteElo "2099"]
[BlackElo "2078"]
[PlyCount "169"]
[EventDate "2024.08.27"]
[EventType "swiss (blitz)"]
[EventRounds "11"]
[EventCountry "USA"]
[SourceTitle "EXT 2025"]
[Source "ChessBase"]
[SourceDate "2024.10.14"]
[SourceVersion "1"]
[SourceVersionDate "2024.10.14"]
[SourceQuality "1"]

1. d4 Nf6 2. Nf3 c5 3. e3 cxd4 4. exd4 d5 5. c3 g6 6. h3 Bg7 7. Bd3 0-0 8. 0-0 Nc6 9. Re1 Re8 10. Nbd2 a6 11. a4 Qc7 12. b4 Bf5 13. Bxf5 gxf5 14. Bb2 Ne4 15. Nf1 e6 16. N3d2 Ne7 17. Rc1 b5 18. f3 Nxd2 19. Nxd2 Nc8 20. Nb3 Nb6 21. Nc5 Nc4 22. Rb1 Kh8 23. Bc1 Rg8 24. Nd3 Bf8 25. Bf4 Bd6 26. Bxd6 Qxd6 27. Ne5 Rg7 28. Re2 Rag8 29. Nxc4 dxc4 30. axb5 axb5 31. Qe1 Qf4 32. Rd1 Qxf3 33. Rdd2 Qxc3 34. d5 Qxh3 35. d6 c3 36. Rc2 Qd3 37. Qxc3 Qxd6 38. Qc5 Qd1+ 39. Kh2 Rg6 40. Qe5+ f6 41. Qe3 Rg5 42. Qh3 Qd6+ 43. Kh1 Qxb4 44. Rc7 R5g7 45. Rxg7 Rxg7 46. Rxe6 Qg4 47. Qh2 Qd1+ 48. Qg1 Qxg1+ 49. Kxg1 Rb7 50. Re3 b4 51. Rb3 Rb5 52. Kf2 Kg7 53. Ke3 Kg6 54. Kd4 Kg5 55. Kc4 Rb8 56. Rg3+ Kf4 57. Rf3+ Kg4 58. Kb3 f4 59. Rh3 h5 60. Rd3 f5 61. Rf3 h4 62. Rh3 Rd8 63. Kxb4 Rd2 64. Rh2 f3 65. gxf3+ Kg3 66. Rxd2 h3 67. Kc4 h2 68. Rxh2 Kxh2 69. Kd4 f4 70. Ke5 Kg3 71. Ke4 Kh4 72. Kxf4 Kh5 73. Kf5 Kh6 74. f4 Kh7 75. Kf6 Kg8 76. Ke7 Kg7 77. f5 Kg8 78. f6 Kh7 79. f7 Kg6 80. f8Q Kh7 81. Qf7+ Kh8 82. Qh5+ Kg7 83. Qg5+ Kh8 84. Kf7 Kh7 85. Qg7# 1-0

[Event "Titled Tuesday intern op 20th Aug Late"]
[Site "Chess.com INT"]
[Date "2024.08.20"]
[Round "5"]
[White "Al Blooshi, Hamad Essa"]
[Black "Jimenez Salas, Maria Teresa"]
[Result "0-1"]
[WhiteElo "2078"]
[BlackElo "1987"]
[PlyCount "110"]
[EventDate "2024.08.20"]
[EventType "swiss (blitz)"]
[EventRounds "11"]
[EventCountry "USA"]
[SourceTitle "EXT 2025"]
[Source "ChessBase"]
[SourceDate "2024.10.14"]
[SourceVersion "1"]
[SourceVersionDate "2024.10.14"]
[SourceQuality "1"]

1. d4 d5 2. c4 c6 3. cxd5 cxd5 4. Bf4 Nc6 5. e3 Nf6 6. Nc3 a6 7. Bd3 Bg4 8. Qb3 Na5 9. Qc2 e6 10. h3 Bh5 11. Rc1 Be7 12. Nf3 0-0 13. Ne5 Rc8 14. 0-0 Bg6 15. Nxg6 hxg6 16. Qe2 b5 17. f3 Nc4 18. Bb1 Qb6 19. Rcd1 Nh5 20. Bh2 Bh4 21. e4 Ng3 22. Bxg3 Bxg3 23. e5 Bxe5 24. Qf2 Bf6 25. Kh1 Qa5 26. Rde1 Nxb2 27. Nxd5 exd5 28. Qxb2 Qc3 29. Qxc3 Rxc3 30. Rd1 Re8 31. Rd2 Rc4 32. Rfd1 Rec8 33. a3 Rc3 34. Ba2 Rd8 35. Rd3 Rc2 36. Bb3 Rb2 37. a4 Kf8 38. axb5 axb5 39. Rc1 Ke7 40. Rc5 b4 41. Rxd5 Rxb3 42. Rxb3 Rxd5 43. Rxb4 Rxd4 44. Rb7+ Ke6 45. Rb6+ Rd6 46. Rb7 Be5 47. Kg1 Bg3 48. Kf1 Kf6 49. Ke2 Re6+ 50. Kd3 Bd6 51. Rb2 Be7 52. Rc2 Kf5 53. Rc4 g5 54. g3 Kg6 55. Rc5 Bxc5 0-1

[Event "Titled Tuesday intern op 20th Aug Late"]
[Site "Chess.com INT"]
[Date "2024.08.20"]
[Round "10"]
[White "Al Blooshi, Hamad Essa"]
[Black "Montero Martinez, Cristian"]
[Result "1-0"]
[WhiteElo "2078"]
[BlackElo "2026"]
[PlyCount "77"]
[EventDate "2024.08.20"]
[EventType "swiss (blitz)"]
[EventRounds "11"]
[EventCountry "USA"]
[SourceTitle "EXT 2025"]
[Source "ChessBase"]
[SourceDate "2024.10.14"]
[SourceVersion "1"]
[SourceVersionDate "2024.10.14"]
[SourceQuality "1"]

1. Nf3 c5 2. g3 b6 3. Bg2 Bb7 4. 0-0 Nf6 5. c3 e6 6. d4 cxd4 7. cxd4 Be7 8. Nc3 d5 9. Bf4 0-0 10. Rc1 Nc6 11. Ne5 Nxe5 12. Bxe5 Nd7 13. Nb5 Nxe5 14. dxe5 a6 15. Nd4 Qd7 16. Qb3 b5 17. Rfd1 Rfc8 18. h4 Rc4 19. Qe3 Rac8 20. b3 Rxc1 21. Rxc1 Ba3 22. Rxc8+ Qxc8 23. h5 h6 24. Bh3 Qc1+ 25. Qxc1 Bxc1 26. Kf1 Kf8 27. e3 Ke7 28. Ke2 b4 29. Kd3 a5 30. Kc2 Ba3 31. Bf1 f6 32. f4 fxe5 33. fxe5 Bc8 34. Bh3 Bd7 35. Ne2 a4 36. Nf4 axb3+ 37. axb3 Bc8 38. Nd3 Bd7 39. Nc5 1-0

[Event "Titled Tuesday intern op 20th Aug Late"]
[Site "Chess.com INT"]
[Date "2024.08.20"]
[Round "4"]
[White "Al Blooshi, Hamad Essa"]
[Black "Thorhallsson, Simon"]
[Result "0-1"]
[WhiteElo "2078"]
[BlackElo "2181"]
[PlyCount "42"]
[EventDate "2024.08.20"]
[EventType "swiss (blitz)"]
[EventRounds "11"]
[EventCountry "USA"]
[SourceTitle "EXT 2025"]
[Source "ChessBase"]
[SourceDate "2024.10.14"]
[SourceVersion "1"]
[SourceVersionDate "2024.10.14"]
[SourceQuality "1"]

1. d4 Nf6 2. c4 e6 3. Nc3 Bb4 4. f3 c5 5. d5 b5 6. dxe6 fxe6 7. cxb5 d5 8. Bd2 d4 9. Nb1 Bxd2+ 10. Nxd2 Nd5 11. Nc4 0-0 12. Qd2 a6 13. b6 Nd7 14. 0-0-0 N7xb6 15. e4 Nxc4 16. Bxc4 Ne3 17. Qd3 Nxd1 18. Qxd1 Kh8 19. Nh3 e5 20. Nf2 Qg5+ 21. Kb1 Qxg2 0-1

[Event "Titled Tuesday intern op 20th Aug Late"]
[Site "Chess.com INT"]
[Date "2024.08.20"]
[Round "1"]
[White "Al Blooshi, Hamad Essa"]
[Black "Vlassov, Nikolai"]
[Result "0-1"]
[WhiteElo "2078"]
[BlackElo "2291"]
[PlyCount "104"]
[EventDate "2024.08.20"]
[EventType "swiss (blitz)"]
[EventRounds "11"]
[EventCountry "USA"]
[SourceTitle "EXT 2025"]
[Source "ChessBase"]
[SourceDate "2024.10.14"]
[SourceVersion "1"]
[SourceVersionDate "2024.10.14"]
[SourceQuality "1"]

1. d4 Nf6 2. c4 Nc6 3. Nf3 e6 4. Nc3 Bb4 5. d5 exd5 6. cxd5 Ne7 7. Bd2 Nexd5 8. Nxd5 Nxd5 9. Bxb4 Nxb4 10. e3 0-0 11. Bc4 d5 12. Bb3 c6 13. 0-0 Qf6 14. Nd4 Bd7 15. Rc1 Rfe8 16. Qd2 Na6 17. Bc2 Nc7 18. Qd3 g6 19. Ne2 Ne6 20. Ng3 b5 21. b4 a5 22. a3 axb4 23. axb4 h5 24. Bd1 h4 25. Ne2 h3 26. gxh3 Ng5 27. Nf4 Nxh3+ 28. Nxh3 Bxh3 29. Kh1 Bxf1 30. Qxf1 Ra1 31. Rxa1 Qxa1 32. Kg2 Re5 33. Qd3 Rg5+ 34. Kf1 Qb2 35. Qc2 Qxb4 36. Qxc6 Qc4+ 37. Qxc4 dxc4 38. Ke2 b4 39. Kd2 Rd5+ 40. Kc2 b3+ 41. Kc1 b2+ 42. Kc2 Rxd1 43. Kxb2 Rd2+ 44. Kc3 Rxf2 45. Kxc4 Rxh2 46. Kd4 g5 47. Ke4 Rf2 48. Kd3 g4 49. e4 g3 50. Ke3 Kg7 51. e5 Kg6 52. e6 fxe6 0-1

[Event "Titled Tuesday intern op 20th Aug Late"]
[Site "Chess.com INT"]
[Date "2024.08.20"]
[Round "7"]
[White "Arnold, Lothar"]
[Black "Al Blooshi, Hamad Essa"]
[Result "0-1"]
[WhiteElo "2310"]
[BlackElo "2078"]
[PlyCount "78"]
[EventDate "2024.08.20"]
[EventType "swiss (blitz)"]
[EventRounds "11"]
[EventCountry "USA"]
[SourceTitle "EXT 2025"]
[Source "ChessBase"]
[SourceDate "2024.10.14"]
[SourceVersion "1"]
[SourceVersionDate "2024.10.14"]
[SourceQuality "1"]

1. e4 c5 2. Nf3 d6 3. d4 cxd4 4. Nxd4 Nf6 5. Nc3 Nc6 6. Bg5 e6 7. Qd2 a6 8. 0-0-0 Bd7 9. f3 Be7 10. h4 h6 11. Be3 h5 12. Kb1 Nxd4 13. Bxd4 b5 14. Ne2 Qc7 15. Be3 a5 16. Nf4 b4 17. Nh3 Rc8 18. Ng5 a4 19. Ba6 Ra8 20. Bd3 b3 21. cxb3 axb3 22. a3 d5 23. Rc1 Qa5 24. Qxa5 Rxa5 25. Rc7 Bd6 26. Rb7 dxe4 27. Nxe4 Nxe4 28. Bxe4 Rb5 29. Ra7 f5 30. Bd3 Rb8 31. Rd1 Bg3 32. Bc4 Bc6 33. Bc5 Bd5 34. Re7+ Kd8 35. Bxd5 exd5 36. Rxd5+ Kc8 37. Rxg7 Re8 38. Kc1 Bf4+ 39. Rd2 Re1# 0-1

[Event "Titled Tuesday intern op 30th Jul Early"]
[Site "Chess.com INT"]
[Date "2024.07.30"]
[Round "4"]
[White "Al Blooshi, Hamad Essa"]
[Black "Hoffmann, Asa"]
[Result "0-1"]
[WhiteElo "2162"]
[BlackElo "2185"]
[PlyCount "110"]
[EventDate "2024.07.30"]
[EventType "swiss (blitz)"]
[EventRounds "11"]
[EventCountry "USA"]
[SourceTitle "EXT 2025"]
[Source "ChessBase"]
[SourceDate "2024.10.14"]
[SourceVersion "1"]
[SourceVersionDate "2024.10.14"]
[SourceQuality "1"]

1. d4 Nf6 2. c4 c5 3. d5 e5 4. Nc3 d6 5. e4 Be7 6. Be2 Nbd7 7. Nf3 Nf8 8. h3 Ng6 9. Be3 0-0 10. Qd2 a6 11. 0-0-0 Bd7 12. g4 b5 13. g5 Nh5 14. Nh4 Nhf4 15. Nxg6 fxg6 16. Bxf4 exf4 17. h4 b4 18. Nb1 a5 19. Rdg1 a4 20. Bg4 Rf7 21. Be6 Bxe6 22. dxe6 Rf8 23. Rg4 Qc7 24. Rxf4 Rxf4 25. Qxf4 Rf8 26. Qd2 Qc8 27. Rf1 Qxe6 28. Qd5 Qxd5 29. exd5 Rf4 30. Nd2 Rxh4 31. f4 h6 32. Rg1 Rxf4 33. gxh6 g5 34. hxg7 Kxg7 35. b3 axb3 36. axb3 Bf6 37. Kd1 Kg6 38. Ke2 Bc3 39. Nf3 g4 40. Ne1 Re4+ 41. Kf2 Rxe1 42. Rxe1 Bxe1+ 43. Kxe1 Kf5 44. Kf2 Ke4 45. Kg3 Kd4 46. Kxg4 Kc3 47. Kf5 Kxb3 48. Ke6 Kxc4 49. Kxd6 b3 50. Kc6 b2 51. d6 b1Q 52. d7 Qd3 53. Kc7 Kb4 54. d8Q Qxd8+ 55. Kxd8 c4 0-1

[Event "Titled Tuesday intern op 25th Jun Late"]
[Site "Chess.com INT"]
[Date "2024.06.25"]
[Round "9"]
[White "Al Blooshi, Hamad Essa"]
[Black "Bettalli, Francesco"]
[Result "0-1"]
[WhiteElo "2162"]
[BlackElo "2354"]
[PlyCount "94"]
[EventDate "2024.06.25"]
[EventType "swiss (blitz)"]
[EventRounds "11"]
[EventCountry "USA"]
[SourceTitle "EXT 2025"]
[Source "ChessBase"]
[SourceDate "2024.10.14"]
[SourceVersion "1"]
[SourceVersionDate "2024.10.14"]
[SourceQuality "1"]

1. d4 Nf6 2. c4 e6 3. Nc3 d5 4. cxd5 exd5 5. Bg5 Be7 6. e3 c6 7. Bd3 Nbd7 8. Nf3 Nh5 9. h4 h6 10. Bxe7 Qxe7 11. Qe2 Nb6 12. Ne5 Nf6 13. 0-0-0 Be6 14. g4 Nfd7 15. f4 Nxe5 16. dxe5 0-0-0 17. Kb1 Kb8 18. Bc2 Qb4 19. a3 Qc5 20. Na4 Nxa4 21. Bxa4 d4 22. Rc1 Qd5 23. b4 dxe3 24. Rhd1 Qe4+ 25. Bc2 Qxf4 26. Rf1 Qxg4 27. Qxe3 Qc4 28. Bb3 Qxb3+ 29. Qxb3 Bxb3 30. Rc3 Be6 31. Rg3 g6 32. a4 h5 33. b5 cxb5 34. axb5 Rd5 35. b6 axb6 36. Rf2 Rxe5 37. Rb2 b5 38. Rxb5 Rxb5+ 39. Kc1 Rd8 40. Rc3 Bf5 41. Rc8+ Rxc8+ 42. Kd2 Rd5+ 43. Ke3 Rc4 44. Kf3 Rd3+ 45. Ke2 Rc2+ 46. Ke1 Bg4 47. Kf1 Rd1# 0-1

[Event "Titled Tuesday intern op 25th Jun Early"]
[Site "Chess.com INT"]
[Date "2024.06.25"]
[Round "3"]
[White "Al Blooshi, Hamad Essa"]
[Black "Budrewicz, Krzysztof"]
[Result "0-1"]
[WhiteElo "2162"]
[BlackElo "2185"]
[PlyCount "40"]
[EventDate "2024.06.25"]
[EventType "swiss (blitz)"]
[EventRounds "11"]
[EventCountry "USA"]
[SourceTitle "EXT 2025"]
[Source "ChessBase"]
[SourceDate "2024.10.14"]
[SourceVersion "1"]
[SourceVersionDate "2024.10.14"]
[SourceQuality "1"]

1. d4 Nf6 2. c4 g6 3. Nc3 Bg7 4. e4 d6 5. f3 0-0 6. Be3 Nc6 7. Qd2 a6 8. a4 e5 9. d5 Nd4 10. Ra3 c5 11. dxc6 bxc6 12. Nge2 c5 13. Nd5 Nxd5 14. cxd5 f5 15. Nxd4 exd4 16. Bh6 Qh4+ 17. g3 Qxh6 18. Qg2 Qc1+ 19. Kf2 Qxb2+ 20. Kg1 Qxa3 0-1

[Event "Titled Tuesday intern op 25th Jun Early"]
[Site "Chess.com INT"]
[Date "2024.06.25"]
[Round "8"]
[White "Al Blooshi, Hamad Essa"]
[Black "Pacheco, Daniel"]
[Result "0-1"]
[WhiteElo "2162"]
[BlackElo "2209"]
[PlyCount "62"]
[EventDate "2024.06.25"]
[EventType "swiss (blitz)"]
[EventRounds "11"]
[EventCountry "USA"]
[SourceTitle "EXT 2025"]
[Source "ChessBase"]
[SourceDate "2024.10.14"]
[SourceVersion "1"]
[SourceVersionDate "2024.10.14"]
[SourceQuality "1"]

1. d4 Nf6 2. c4 g6 3. Nc3 c5 4. d5 Bg7 5. e4 d6 6. f4 0-0 7. Nf3 b5 8. cxb5 a6 9. bxa6 Qa5 10. Bd3 Bxa6 11. Bxa6 Qxa6 12. Qe2 Qxe2+ 13. Kxe2 Nbd7 14. Re1 Rfb8 15. Kf1 Nb6 16. Rb1 Na4 17. Nd1 Rb4 18. Nf2 Nc3 19. Ra1 Nxa2 20. Nd2 Rbb8 21. Nd3 Nd7 22. Nc4 Ra4 23. Nd2 Rba8 24. Rb1 Nb4 25. Nxb4 Rxb4 26. b3 Bc3 27. Re2 Rab8 28. Ba3 Rd4 29. Nf3 Rd3 30. Kf2 c4 31. Bb2 Rxb3 0-1

[Event "Titled Tuesday intern op 25th Jun Early"]
[Site "Chess.com INT"]
[Date "2024.06.25"]
[Round "9"]
[White "Al Blooshi, Hamad Essa"]
[Black "Srebrnic, Ana"]
[Result "1-0"]
[WhiteElo "2162"]
[BlackElo "2149"]
[PlyCount "93"]
[EventDate "2024.06.25"]
[EventType "swiss (blitz)"]
[EventRounds "11"]
[EventCountry "USA"]
[SourceTitle "EXT 2025"]
[Source "ChessBase"]
[SourceDate "2024.10.14"]
[SourceVersion "1"]
[SourceVersionDate "2024.10.14"]
[SourceQuality "1"]

1. d4 Nf6 2. c4 e6 3. Nf3 Bb4+ 4. Nbd2 0-0 5. a3 Bxd2+ 6. Bxd2 d5 7. e3 Nbd7 8. Bd3 b6 9. 0-0 Bb7 10. cxd5 exd5 11. Rc1 Ne4 12. Qc2 Rc8 13. b4 Re8 14. Rfd1 Qe7 15. Be1 Qf6 16. Nd2 Qd6 17. f3 Nxd2 18. Qxd2 Nf6 19. Bg3 Qd7 20. Re1 Nh5 21. Bf2 f5 22. Rc3 Nf6 23. Rec1 Re7 24. Qc2 g6 25. Re1 Qe8 26. Qc1 Kg7 27. Bg3 Qd7 28. Kf2 Ne8 29. Qc2 Nd6 30. Rc1 Ba8 31. a4 Bb7 32. Bb5 Qd8 33. Be5+ Kg8 34. Bc6 Bxc6 35. Bxd6 Qxd6 36. Rxc6 Qd7 37. b5 Ree8 38. Qb3 Re7 39. Rf6 Kg7 40. Rfc6 Qd8 41. a5 Qd7 42. axb6 axb6 43. Re1 Rce8 44. Qc3 Ra8 45. Rc1 Ra2+ 46. Kg1 Ra5 47. Rxc7 1-0

[Event "Titled Tuesday intern op 25th Jun Early"]
[Site "Chess.com INT"]
[Date "2024.06.25"]
[Round "1"]
[White "Al Blooshi, Hamad Essa"]
[Black "Yelisieiev, Yevhenii"]
[Result "0-1"]
[WhiteElo "2162"]
[BlackElo "2403"]
[PlyCount "102"]
[EventDate "2024.06.25"]
[EventType "swiss (blitz)"]
[EventRounds "11"]
[EventCountry "USA"]
[SourceTitle "EXT 2025"]
[Source "ChessBase"]
[SourceDate "2024.10.14"]
[SourceVersion "1"]
[SourceVersionDate "2024.10.14"]
[SourceQuality "1"]

1. d4 d6 2. e4 Nf6 3. Nc3 e5 4. Nf3 Nbd7 5. Bc4 Be7 6. 0-0 0-0 7. h3 c6 8. a4 a5 9. Qe2 exd4 10. Nxd4 Qb6 11. Nf3 Ne5 12. Bb3 Qa6 13. Qxa6 Nxf3+ 14. gxf3 Rxa6 15. Kg2 Be6 16. Bxe6 fxe6 17. Be3 Nh5 18. Rfe1 d5 19. exd5 exd5 20. Rad1 Raa8 21. Ne2 Bd6 22. Ng3 Nf4+ 23. Bxf4 Rxf4 24. b3 Raf8 25. Rd3 g6 26. Ne2 Re8 27. Re3 Rff8 28. Nd4 Kf7 29. c3 Bf4 30. Rxe8 Rxe8 31. Rxe8 Kxe8 32. Kf1 Kd7 33. Ke2 Be5 34. Kd3 Bxd4 35. Kxd4 Kd6 36. f4 b5 37. f3 c5+ 38. Kd3 c4+ 39. Kc2 cxb3+ 40. Kxb3 Kc5 41. axb5 Kxb5 42. h4 h5 43. Kb2 Kc4 44. Kc2 a4 45. Kb2 a3+ 46. Kxa3 Kxc3 47. Ka4 d4 48. Kb5 d3 49. Kc5 d2 50. Kd5 d1Q+ 51. Ke5 Qxf3 0-1

[Event "Titled Tuesday intern op 25th Jun Late"]
[Site "Chess.com INT"]
[Date "2024.06.25"]
[Round "6"]
[White "Troff, Kayden W"]
[Black "Al Blooshi, Hamad Essa"]
[Result "1-0"]
[WhiteElo "2490"]
[BlackElo "2162"]
[PlyCount "69"]
[EventDate "2024.06.25"]
[EventType "swiss (blitz)"]
[EventRounds "11"]
[EventCountry "USA"]
[SourceTitle "EXT 2025"]
[Source "ChessBase"]
[SourceDate "2024.10.14"]
[SourceVersion "1"]
[SourceVersionDate "2024.10.14"]
[SourceQuality "1"]

1. d4 Nf6 2. Nf3 c5 3. dxc5 e6 4. Be3 Nc6 5. Nbd2 b6 6. cxb6 axb6 7. Nc4 Nd5 8. Bg5 f6 9. e4 Ndb4 10. Be3 b5 11. Ncd2 Bb7 12. c3 Na6 13. Bxb5 Be7 14. 0-0 0-0 15. Nc4 Nc7 16. a4 f5 17. Nb6 fxe4 18. Nd4 Rb8 19. Nxd7 Qxd7 20. Nxc6 Bxc6 21. Qxd7 Bxd7 22. Bxd7 Rxb2 23. a5 Na6 24. Bxe6+ Kh8 25. Bc4 Nc5 26. a6 Nxa6 27. Rxa6 Bf6 28. Re6 Bxc3 29. Rxe4 Bf6 30. g3 Rc8 31. h4 h5 32. Bf7 Rb5 33. Re8+ Rxe8 34. Bxe8 Kg8 35. Bxb5 1-0

[Event "Titled Tuesday intern op 04th Jun Early"]
[Site "Chess.com INT"]
[Date "2024.06.04"]
[Round "3"]
[White "Marin Ferragut, Pau"]
[Black "Al Blooshi, Hamad Essa"]
[Result "1-0"]
[WhiteElo "2218"]
[BlackElo "2162"]
[PlyCount "76"]
[EventDate "2024.06.04"]
[EventType "swiss (blitz)"]
[EventRounds "11"]
[EventCountry "USA"]
[SourceTitle "EXT 2025"]
[Source "ChessBase"]
[SourceDate "2024.10.14"]
[SourceVersion "1"]
[SourceVersionDate "2024.10.14"]
[SourceQuality "1"]

1. Nf3 Nf6 2. g3 b6 3. Bg2 Bb7 4. 0-0 e6 5. c4 Be7 6. Nc3 0-0 7. b3 c5 8. Bb2 d6 9. d4 cxd4 10. Qxd4 a6 11. Rfd1 Nc6 12. Qd2 Qc7 13. e4 Rfd8 14. Qe3 Ng4 15. Qe2 Nge5 16. Ne1 Bf6 17. Rac1 Rab8 18. f4 Ng6 19. Nd5 exd5 20. Bxf6 gxf6 21. cxd5 Re8 22. dxc6 Bxc6 23. Qc2 Rbc8 24. e5 fxe5 25. Qxc6 Qxc6 26. Rxc6 Rxc6 27. Bxc6 Rc8 28. Rxd6 exf4 29. gxf4 Nxf4 30. Ng2 Ne6 31. Ne3 a5 32. Kf2 Kf8 33. Bd5 Ke7 34. Rxb6 Nf4 35. Bc4 Rc7 36. Kf3 Ng6 37. Nd5+ Kd7 38. Nxc7 Kxc7 1-0

[Event "Titled Tuesday intern op 21st May Late"]
[Site "Chess.com INT"]
[Date "2024.05.21"]
[Round "2"]
[White "Yagupov, Igor"]
[Black "Al Blooshi, Hamad Essa"]
[Result "1-0"]
[WhiteElo "2232"]
[BlackElo "2209"]
[PlyCount "45"]
[EventDate "2024.05.21"]
[EventType "swiss (blitz)"]
[EventRounds "11"]
[EventCountry "USA"]
[SourceTitle "CBM 220 Extra"]
[Source "ChessBase"]
[SourceDate "2024.07.31"]
[SourceVersion "1"]
[SourceVersionDate "2024.07.31"]
[SourceQuality "1"]

1. d4 Nf6 2. c4 e6 3. Nc3 Bb4 4. Qc2 0-0 5. a3 Bxc3+ 6. Qxc3 b6 7. f3 Bb7 8. e4 d5 9. cxd5 exd5 10. e5 Nfd7 11. b4 f6 12. f4 fxe5 13. dxe5 c5 14. Nf3 Nc6 15. Bd2 Kh8 16. Qb3 d4 17. Bd3 Rb8 18. 0-0 Ne7 19. Ng5 Qe8 20. Bxh7 Bd5 21. Qh3 Qd8 22. Bg6+ Kg8 23. Qh7# 1-0